[Event "Novokuznetsk op"]
[Site "Novokuznetsk"]
[Date "2011.08.17"]
[Round "7"]
[White "Pereboev, Konstantin Gennadie"]
[Black "Gneduch, Andrei"]
[Result "0-1"]
[WhiteElo "2248"]
[BlackElo "2130"]
[PlyCount "70"]
[EventDate "2011.08.11"]
[EventType "swiss"]
[EventRounds "9"]
[EventCountry "RUS"]
[SourceTitle "CBM 144 Extra"]
[Source "ChessBase"]
[SourceDate "2011.10.28"]
[SourceVersion "1"]
[SourceVersionDate "2011.10.28"]
[SourceQuality "1"]

1. e4 c5 2. Nc3 Nc6 3. f4 g6 4. Nf3 Bg7 5. Bc4 e6 6. f5 Nge7 7. fxe6 dxe6 8. 0-0 0-0 9. a4 Nd4 10. d3 Nec6 11. Nxd4 cxd4 12. Ne2 Qc7 13. Rb1 Qe7 14. Qe1 e5 15. b4 Be6 16. Bxe6 Qxe6 17. b5 Ne7 18. Ba3 Rfc8 19. c4 dxc3 20. Nxc3 Qd7 21. Rc1 Bh6 22. Bxe7 Qd4+ 23. Kh1 Bxc1 24. Nd5 Qxd3 25. Nf6+ Kh8 26. Rg1 Bg5 27. Nd5 Rc1 28. Bf6+ Kg8 29. Bxg5 Rxe1 30. Rxe1 h5 31. h4 Qc2 32. Rf1 Qxa4 33. Ne7+ Kg7 34. Bf6+ Kf8 35. Bg5 Qxe4 0-1

[Event "Novokuznetsk op"]
[Site "Novokuznetsk"]
[Date "2011.08.13"]
[Round "3"]
[White "Nepomniaschy, Igor"]
[Black "Gneduch, Andrei"]
[Result "0-1"]
[WhiteElo "1946"]
[BlackElo "2130"]
[PlyCount "80"]
[EventDate "2011.08.11"]
[EventType "swiss"]
[EventRounds "9"]
[EventCountry "RUS"]
[SourceTitle "CBM 144 Extra"]
[Source "ChessBase"]
[SourceDate "2011.10.28"]
[SourceVersion "1"]
[SourceVersionDate "2011.10.28"]
[SourceQuality "1"]

1. e4 c5 2. c3 g6 3. Nf3 Bg7 4. d4 Qc7 5. Be3 Nf6 6. Bd3 d6 7. h3 Nbd7 8. 0-0 c4 9. Bc2 0-0 10. Nbd2 Rb8 11. Nh2 b5 12. a3 e5 13. f4 Re8 14. fxe5 dxe5 15. d5 Nh5 16. Qf3 Nf4 17. Bxf4 exf4 18. Qxf4 Ne5 19. Ndf3 a5 20. Nd4 Rb6 21. Kh1 b4 22. axb4 axb4 23. Nc6 Rxc6 24. dxc6 bxc3 25. bxc3 Qe7 26. Ra8 Be6 27. Rxe8+ Qxe8 28. c7 Qc6 29. Ra1 h5 30. Ra7 Qc5 31. Ra8+ Kh7 32. Nf3 Nxf3 33. Qxf3 Qxc7 34. g4 h4 35. Qf2 Qe7 36. Ra5 Bxc3 37. Rb5 Kg7 38. g5 Qd7 39. Rb1 Qd2 40. Qxh4 Be5 0-1

[Event "Novokuznetsk Goryainov op"]
[Site "Novokuznetsk"]
[Date "2010.08.20"]
[Round "9"]
[White "Gneduch, Andrei"]
[Black "Karpov, Arkadiy"]
[Result "1-0"]
[WhiteElo "2132"]
[BlackElo "1988"]
[PlyCount "141"]
[EventDate "2010.08.12"]
[EventType "swiss"]
[EventRounds "9"]
[EventCountry "RUS"]
[SourceTitle "CBM 138 Extra"]
[Source "ChessBase"]
[SourceDate "2010.10.29"]
[SourceVersion "1"]
[SourceVersionDate "2010.10.29"]
[SourceQuality "1"]

1. Nf3 c5 2. g3 d5 3. c4 d4 4. b4 e6 5. Bg2 Nf6 6. 0-0 Bd6 7. d3 0-0 8. bxc5 Bxc5 9. Nbd2 Nc6 10. Nb3 Bb6 11. Rb1 Re8 12. Ne1 e5 13. Nc2 Bg4 14. h3 Bh5 15. Bg5 h6 16. Bxf6 Qxf6 17. c5 Bc7 18. Nd2 Rab8 19. Nb4 Nxb4 20. Rxb4 Qa6 21. g4 Bg6 22. Qb3 b6 23. Ra4 Qc8 24. Rxa7 bxc5 25. Qa4 Bd6 26. Nc4 Bf8 27. Qc6 e4 28. Qxc8 Rbxc8 29. Rd1 exd3 30. exd3 Re2 31. a4 Rce8 32. Bd5 Re1+ 33. Rxe1 Rxe1+ 34. Kh2 Be7 35. a5 Bxd3 36. a6 Bg5 37. Rb7 Bf4+ 38. Kg2 Ra1 39. a7 Kh7 40. Rxf7 Bg6 41. Rxf4 Rxa7 42. Rf8 Bc2 43. Rc8 Rd7 44. Bg8+ Kg6 45. Rxc5 Rd8 46. Ne5+ Kf6 47. Rxc2 Kxe5 48. Bh7 Rb8 49. Rd2 Rb4 50. Kf3 Rb3+ 51. Rd3 Rb2 52. Kg3 g5 53. Bf5 Ra2 54. Kf3 Rb2 55. Ra3 Rb5 56. Bd3 Rc5 57. Rb3 Rc1 58. Rb5+ Kd6 59. Ke4 Ke7 60. Rb6 h5 61. Rg6 hxg4 62. hxg4 Rc5 63. Kxd4 Ra5 64. Bf5 Ra2 65. Ke3 Ra3+ 66. Ke4 Ra4+ 67. Kf3 Ra3+ 68. Kg2 Kf7 69. Rxg5 Kf6 70. Rg6+ Kf7 71. f3 1-0

[Event "Novokuznetsk Goryainov op"]
[Site "Novokuznetsk"]
[Date "2010.08.16"]
[Round "5"]
[White "Katanov, Andrey"]
[Black "Gneduch, Andrei"]
[Result "0-1"]
[WhiteElo "2000"]
[BlackElo "2132"]
[PlyCount "162"]
[EventDate "2010.08.12"]
[EventType "swiss"]
[EventRounds "9"]
[EventCountry "RUS"]
[SourceTitle "CBM 138 Extra"]
[Source "ChessBase"]
[SourceDate "2010.10.29"]
[SourceVersion "1"]
[SourceVersionDate "2010.10.29"]
[SourceQuality "1"]

1. e4 c5 2. Nf3 Nc6 3. d4 cxd4 4. Nxd4 g6 5. Nc3 Bg7 6. Be3 Nf6 7. Qd2 0-0 8. f3 d5 9. 0-0-0 dxe4 10. fxe4 Ng4 11. Nxc6 Qxd2+ 12. Rxd2 bxc6 13. Nd1 Nxe3 14. Nxe3 Bh6 15. Rd3 Be6 16. b3 Rfd8 17. Kd2 a5 18. Be2 a4 19. Rb1 f5 20. Bf3 f4 21. Nd1 Bg7 22. Nc3 a3 23. Rd1 Rxd3+ 24. cxd3 Bd4 25. Ne2 Be3+ 26. Kc2 c5 27. Nc3 Kf7 28. e5 Ra5 29. Ne4 h6 30. Nd2 Bd4 31. Re1 Ra6 32. Re2 Bf5 33. Nc4 Ke6 34. Bb7 Ra7 35. Bc6 g5 36. Nb6 Be3 37. Nc4 Bd4 38. Nb6 Be3 39. Nc4 Bd4 40. Nb6 Bg4 41. Re1 Bf2 42. Re4 Bd4 43. h3 Bh5 44. Nc4 Bg6 45. Re1 h5 46. Bf3 Be8 47. Re2 Ra6 48. Bb7 Ra7 49. Bf3 Bg6 50. Nb6 Be8 51. Nc4 Ra6 52. Bb7 Ra7 53. Bf3 Bg6 54. Nb6 Kf7 55. e6+ Kg7 56. Nd5 Kh6 57. Nc3 Bf5 58. Nb5 Ra5 59. Nc3 Ra6 60. Bd5 g4 61. hxg4 hxg4 62. Re1 Kg5 63. Nb5 Bf2 64. Re2 Be3 65. Nc7 Ra7 66. Nb5 Ra6 67. Nc7 Rd6 68. Bc4 Kf6 69. Nd5+ Rxd5 70. Bxd5 Ke5 71. Bc6 Kd4 72. Be4 Bxe4 73. dxe4 Kxe4 74. Kc3 g3 75. b4 cxb4+ 76. Kxb4 f3 77. gxf3+ Kxf3 78. Rc2 g2 79. Rxg2 Kxg2 80. Kxa3 Kf3 81. Kb4 Ke4 0-1

[Event "Sibiria Region-ch"]
[Site "Novokuznetsk"]
[Date "2008.03.21"]
[Round "9"]
[White "Gneduch, Andrei"]
[Black "Pereboev, Konstantin Gennadie"]
[Result "0-1"]
[WhiteElo "2174"]
[BlackElo "2217"]
[PlyCount "118"]
[EventDate "2008.03.13"]
[EventType "swiss"]
[EventRounds "9"]
[EventCountry "RUS"]
[SourceTitle "CBM 123 Extra"]
[Source "ChessBase"]
[SourceDate "2008.05.06"]
[SourceVersion "1"]
[SourceVersionDate "2008.05.06"]
[SourceQuality "1"]

1. Nf3 Nf6 2. g3 g6 3. Bg2 Bg7 4. 0-0 0-0 5. d4 d5 6. c3 Nbd7 7. Nbd2 c5 8. Re1 b6 9. Ne5 Bb7 10. Nd3 Ne4 11. Nf3 a5 12. Be3 a4 13. a3 c4 14. Nb4 b5 15. Qc1 Re8 16. Bh3 Nf8 17. Bh6 Bh8 18. Qf4 Bc8 19. Bxc8 Rxc8 20. h4 Ne6 21. Qg4 f5 22. Qh3 Qd6 23. e3 Bg7 24. Bf4 Nxf4 25. gxf4 Nf6 26. Kf1 e6 27. Ke2 Kf7 28. Rg1 Ke7 29. Ne5 Rf8 30. Rg5 Kd8 31. Rag1 Rc7 32. Kd2 Ne4+ 33. Ke2 Nxg5 34. hxg5 Rh8 35. Kd1 Kc8 36. Kc1 Kb7 37. Nc2 Qf8 38. Ne1 Bxe5 39. dxe5 h6 40. Qf3 Rch7 41. gxh6 Rxh6 42. Nc2 Rh3 43. Qg2 R8h6 44. Nd4 Qe8 45. Kb1 Ka6 46. Ka2 Qe7 47. Qg5 Qxg5 48. fxg5 Rh7 49. Nxe6 Rh2 50. Nf8 Rg7 51. f4 Kb6 52. Rd1 Kc6 53. Ne6 Re7 54. Nd4+ Kc5 55. Rg1 Reh7 56. Rd1 Kb6 57. Ne6 b4 58. axb4 a3 59. Nc5 Ra7 0-1

[Event "Sibiria Region-ch"]
[Site "Novokuznetsk"]
[Date "2008.03.19"]
[Round "7"]
[White "Gneduch, Andrei"]
[Black "Konyshev, Artem"]
[Result "0-1"]
[WhiteElo "2174"]
[BlackElo "2252"]
[PlyCount "70"]
[EventDate "2008.03.13"]
[EventType "swiss"]
[EventRounds "9"]
[EventCountry "RUS"]
[SourceTitle "CBM 123 Extra"]
[Source "ChessBase"]
[SourceDate "2008.05.06"]
[SourceVersion "1"]
[SourceVersionDate "2008.05.06"]
[SourceQuality "1"]

1. c4 e5 2. Nc3 Bb4 3. g3 Bxc3 4. dxc3 d6 5. Bg2 Ne7 6. Nf3 Nbc6 7. Nd2 Be6 8. e4 Qd7 9. h3 h5 10. h4 f6 11. Qa4 0-0-0 12. b4 b6 13. Qa6+ Kb8 14. Rb1 Qe8 15. Nf1 Qf7 16. Ne3 g5 17. Nd5 gxh4 18. Rxh4 Ng6 19. Rh2 h4 20. Be3 hxg3 21. Rxh8 gxf2+ 22. Kxf2 Rxh8 23. c5 f5 24. Kg1 f4 25. cxd6 cxd6 26. Bxb6 axb6 27. Qxb6+ Qb7 28. Qxb7+ Kxb7 29. a4 Nh4 30. Bf1 Rg8+ 31. Kf2 Bxd5 32. exd5 Ne7 33. a5 Nxd5 34. Bc4 Rg2+ 35. Kf1 Ne3+ 0-1

[Event "Novokuznetsk Goriainov Memorial op"]
[Site "Novokuznetsk"]
[Date "2007.08.21"]
[Round "8"]
[White "Gneduch, Andrei"]
[Black "Shirjaev, Alexandr"]
[Result "0-1"]
[WhiteElo "2173"]
[BlackElo "2313"]
[PlyCount "70"]
[EventDate "2007.08.14"]
[EventType "swiss"]
[EventRounds "9"]
[EventCountry "RUS"]
[SourceTitle "EXT 2009"]
[Source "ChessBase"]
[SourceDate "2008.11.26"]
[SourceVersion "1"]
[SourceVersionDate "2008.11.26"]
[SourceQuality "1"]

1. Nf3 c5 2. g3 Nc6 3. Bg2 e5 4. d3 d5 5. 0-0 Nf6 6. c4 Be7 7. cxd5 Nxd5 8. Nc3 Be6 9. Nxd5 Bxd5 10. Qa4 0-0 11. Be3 f5 12. a3 f4 13. Bd2 Bxf3 14. Bxf3 Nd4 15. Qc4+ Kh8 16. Rae1 b5 17. Qc3 Rc8 18. Be4 f3 19. e3 Nc6 20. h3 Qd7 21. Kh2 Rf6 22. Rh1 Rff8 23. Bxc6 Rxc6 24. e4 Qe6 25. a4 a6 26. axb5 axb5 27. Ra1 g5 28. Ra7 c4 29. d4 b4 30. Rxe7 bxc3 31. Rxe6 Rxe6 32. d5 Ra6 33. Bxc3 Kg8 34. g4 h5 35. gxh5 Rh6 0-1